Befleckte Faggen #1 - Statistiken

Allgemein
  • Dieses Quiz wurde 96 mal gespielt
  • Das Durchschnittsergebnis liegt bei 15 aus 16
Antwortstatistiken
Bildquiz Antwort % Korrekt
Brasilien
100%
Deutschland
100%
Polen
100%
Ukraine
100%
China
99%
Japan
99%
Portugal
99%
Russland
99%
Spanien
99%
Mexiko
96%
Vereinigte Staaten
90%
Belarus
89%
Bhutan
89%
Uganda
87%
Sri Lanka
86%
Mosambik
73%
Keine übereinstimmenden Quizze gefunden
Verteilung der Resultate
Anzahl Personen mit jedem Resultat
Perzentil nach korrekt beantworteten Fragen
Ihre Resultats-Entwicklung
Sie haben dieses Quiz noch nicht gespielt